[Event "XXXI Torneo Internacional de A"]
[Site "Las Palmas de Gran Canaria"]
[Date "2010.12.06"]
[Round "6"]
[White "Martinez Molina, Jose Juan"]
[Black "Gutierrez Olivares, Daniel"]
[Result "1/2-1/2"]
[WhiteElo "1798"]
[BlackElo "2182"]
[PlyCount "88"]
[EventDate "2010.12.02"]
[EventRounds "9"]
[EventCountry "ESP"]

1. e4 e6 2. d4 d5 3. Nc3 Bb4 4. e5 c5 5. a3 Ba5 6. Bd2 cxd4 7. Nb5 Bc7 8. Nxc7+
Qxc7 9. f4 Nc6 10. Nf3 Qb6 11. b4 a6 12. Bd3 Nh6 13. Nh4 g6 14. g4 Qd8 15. Ng2
Ng8 16. O-O h5 17. h3 hxg4 18. hxg4 f5 19. g5 Bd7 20. Kf2 Qe7 21. Rh1 Rxh1 22.
Qxh1 Qg7 23. Qh3 Kf7 24. Rh1 Nge7 25. Ne1 Nc8 26. Nf3 Nb6 27. Qh7 Qxh7 28.
Rxh7+ Kg8 29. Rh1 Nc4 30. Bc1 a5 31. Bxc4 dxc4 32. b5 Na7 33. Nxd4 Bxb5 34.
Nxe6 Rc8 35. c3 Rc6 36. Nd4 Rb6 37. Be3 Be8 38. Kg3 Nc8 39. Rd1 Ba4 40. Rd2 Ne7
41. Nf3 Rb3 42. Rd8+ Kg7 43. e6 Nc6 44. Rd7+ Kg8 1/2-1/2

[Event "XXXI Torneo Internacional de A"]
[Site "Las Palmas de Gran Canaria"]
[Date "2010.12.06"]
[Round "6"]
[White "Viera Falcon, Cristo"]
[Black "Navarro Molina, David"]
[Result "0-1"]
[WhiteElo "1790"]
[BlackElo "2051"]
[PlyCount "40"]
[EventDate "2010.12.02"]
[EventRounds "9"]
[EventCountry "ESP"]

1. d4 Nf6 2. g3 c5 3. c3 e6 4. Bg2 Be7 5. e4 cxd4 6. e5 Nd5 7. Bxd5 exd5 8. Qg4
Bf8 9. Qxd4 d6 10. Qxd5 dxe5 11. Qxe5+ Be6 12. Ne2 Nc6 13. Qb5 a6 14. Qa4 Bc5
15. Nf4 O-O 16. Nd2 Bd7 17. O-O Ne5 18. Qc2 Bc6 19. h3 Kh8 20. Ng2 Qd5 0-1

[Event "XXXI Torneo Internacional de A"]
[Site "Las Palmas de Gran Canaria"]
[Date "2010.12.06"]
[Round "6"]
[White "Rodriguez Melian, Jose Luis"]
[Black "Guerrero Ruiz, Jose Luis"]
[Result "1-0"]
[WhiteElo "2103"]
[BlackElo "1772"]
[PlyCount "77"]
[EventDate "2010.12.02"]
[EventRounds "9"]
[EventCountry "ESP"]

1. d4 d5 2. c4 e5 3. dxe5 d4 4. Nf3 Nc6 5. Nbd2 f6 6. exf6 Nxf6 7. Nb3 Qe7 8.
Nbxd4 Qb4+ 9. Qd2 Nxd4 10. Nxd4 Ne4 11. a3 Nxd2 12. axb4 Nxc4 13. b5 Bb4+ 14.
Kd1 Nd6 15. Bf4 O-O 16. e3 Bc5 17. Nb3 Bb6 18. Bxd6 cxd6 19. Bc4+ Kh8 20. Ke2
Rf6 21. Rhd1 Bd7 22. Nd4 Re8 23. Ra3 Re4 24. Rad3 Rg4 25. g3 d5 26. Bxd5 Bxd4
27. Rxd4 Bxb5+ 28. Ke1 Rxd4 29. Rxd4 Rf8 30. Bxb7 a6 31. Rd6 g6 32. Bxa6 Rb8
33. Bxb5 Rxb5 34. Rd2 Kg7 35. f4 Rb7 36. e4 Kf6 37. Kd1 g5 38. Kc1 gxf4 39.
gxf4 {
y las negras abandonaron en la jugada 51. El resto de la partida es ilegible.}
1-0

[Event "XXXI Torneo Internacional de A"]
[Site "Las Palmas de Gran Canaria"]
[Date "2010.12.06"]
[Round "6"]
[White "Marrero Cardenes, Agustin"]
[Black "Gonzalez Garcia, Guillermo W"]
[Result "0-1"]
[WhiteElo "1806"]
[BlackElo "2218"]
[PlyCount "102"]
[EventDate "2010.12.02"]
[EventRounds "9"]
[EventCountry "ESP"]

1. e4 c5 2. Nf3 d6 3. d4 cxd4 4. Nxd4 Nf6 5. Nc3 a6 6. Bc4 e6 7. Bb3 Nbd7 8.
Be3 Nc5 9. f3 Be7 10. Qd2 O-O 11. O-O-O Qc7 12. g4 b5 13. Kb1 b4 14. Na4 Rb8
15. Ne2 Rd8 16. Qc1 Nfd7 17. Nxc5 Nxc5 18. Bxc5 Qxc5 19. c3 Bd7 20. cxb4 Qxb4
21. Qd2 a5 22. Qxb4 Rxb4 23. Rd4 Rdb8 24. Rxb4 Rxb4 25. Rc1 Rb7 26. Nc3 h5 27.
h3 Rb4 28. Bd1 hxg4 29. hxg4 Bg5 30. Rc2 Kf8 31. Be2 Be3 32. a3 Rb7 33. a4 Ke7
34. Nb5 d5 35. Bd3 Kf6 36. exd5 exd5 37. Nc3 Be6 38. Re2 Bf4 39. Nb5 Rb8 40.
Nc3 Rh8 41. b3 Rh1+ 42. Kb2 g5 43. Rc2 Be5 44. Ka2 Bd6 45. Nb5 Bb4 46. Nd4 Rd1
47. Nxe6 fxe6 48. Bh7 Rf1 49. Rc6 Rxf3 50. Bg8 Re3 51. Kb2 d4 0-1

[Event "XXXI Torneo Internacional de A"]
[Site "Las Palmas de Gran Canaria"]
[Date "2010.12.06"]
[Round "6"]
[White "Padilla Socorro, Jesus"]
[Black "Alvarado Diaz, Alejandro"]
[Result "1/2-1/2"]
[WhiteElo "1804"]
[BlackElo "2109"]
[PlyCount "47"]
[EventDate "2010.12.02"]
[EventRounds "9"]
[EventCountry "ESP"]

1. e4 c5 2. Nf3 e6 3. d4 cxd4 4. Nxd4 a6 5. Nc3 b5 6. a3 Bb7 7. Bd3 Qc7 8. O-O
Nf6 9. Re1 d6 10. Nf3 Nbd7 11. Bf4 Rc8 12. Qd2 e5 13. Bg5 Be7 14. Rad1 h6 15.
Bh4 g5 16. Bg3 Nc5 17. Nd5 Bxd5 18. exd5 e4 19. Nd4 exd3 20. Nf5 Nxd5 21. Bxd6
Qd7 22. Bxe7 Ne6 23. Qxd3 Nb6 24. Qxd7+ 1/2-1/2

[Event "XXXI Torneo Internacional de A"]
[Site "Las Palmas de Gran Canaria"]
[Date "2010.12.06"]
[Round "6"]
[White "Leon Manas, Jose Francisco"]
[Black "Morales Quintero, Jose Miguel"]
[Result "0-1"]
[WhiteElo "1712"]
[BlackElo "2097"]
[PlyCount "56"]
[EventDate "2010.12.02"]
[EventRounds "9"]
[EventCountry "ESP"]

1. b4 d5 2. Bb2 e6 3. b5 Nf6 4. Nf3 a6 5. a4 axb5 6. axb5 Rxa1 7. Bxa1 Bd6 8.
e3 O-O 9. c4 c6 10. Qc2 Nbd7 11. Bd3 Qc7 12. Ng5 h6 13. h4 dxc4 14. Qxc4 cxb5
15. Qxc7 Bxc7 16. Nf3 b4 17. Nd4 Nc5 18. Bc2 Bd7 19. d3 Ra8 20. Nb3 b6 21. N1d2
Bb5 22. Ke2 Nd5 23. Bd4 Nxb3 24. Bxb3 Nc3+ 25. Bxc3 bxc3 26. Nb1 Ra1 27. Rc1
Bd6 28. Bc4 Bxc4 0-1

[Event "XXXI Torneo Internacional de A"]
[Site "Las Palmas de Gran Canaria"]
[Date "2010.12.06"]
[Round "6"]
[White "Gonzalez Intelangelo, Gerardo"]
[Black "Capote Robayna, Johanna"]
[Result "1-0"]
[WhiteElo "2072"]
[BlackElo "1757"]
[PlyCount "45"]
[EventDate "2010.12.02"]
[EventRounds "9"]
[EventCountry "ESP"]

1. Nf3 Nf6 2. c4 d6 3. Nc3 e5 4. d4 Nbd7 5. g3 g6 6. Bg2 Bg7 7. O-O O-O 8. e4
exd4 9. Nxd4 Nc5 10. f3 Nfd7 11. Be3 Ne5 12. Qe2 Ne6 13. Nc2 Nc6 14. Qd2 Ne5
15. b3 Qf6 16. Nd5 Qd8 17. Rad1 b6 18. h3 Bb7 19. f4 Nc6 20. f5 Nc5 21. f6 Bh8
22. Nd4 Ne5 23. Ne7+ 1-0

[Event "XXXI Torneo Internacional de A"]
[Site "Las Palmas de Gran Canaria"]
[Date "2010.12.06"]
[Round "6"]
[White "Arroyo Palacios, Jose Maria"]
[Black "Rodriguez Perez, David"]
[Result "0-1"]
[WhiteElo "1698"]
[BlackElo "2058"]
[PlyCount "84"]
[EventDate "2010.12.02"]
[EventRounds "9"]
[EventCountry "ESP"]

1. f4 d6 2. Nf3 Bg4 3. e3 f5 4. Be2 Nd7 5. Ng5 Ngf6 6. Bxg4 Nxg4 7. h3 Ngf6 8.
Ne6 Qc8 9. g4 Nc5 10. Nxc5 dxc5 11. g5 Nd5 12. b3 Qe6 13. Kf2 O-O-O 14. Qf3 h6
15. h4 Qa6 16. Na3 hxg5 17. hxg5 Rxh1 18. Qxh1 e5 19. fxe5 Qg6 20. d3 Be7 21.
Bb2 Bxg5 22. Ke2 Nxe3 23. Rg1 Ng4 24. Nc4 Qe6 25. Na5 c6 26. Nc4 Bf4 27. Re1
Kc7 28. Qg1 Rd5 29. Kd1 b5 30. Nd2 Qh6 31. Re2 Nxe5 32. Bxe5+ Bxe5 33. Nf3 Bf6
34. b4 Qf4 35. Nd2 Qxb4 36. Nb3 Kb7 37. Qg6 c4 38. Qf7+ Kb6 39. Re8 cxb3 40.
Rb8+ Kc5 41. Qxa7+ Kd6 42. Re8 bxc2+ 0-1

[Event "XXXI Torneo Internacional de A"]
[Site "Las Palmas de Gran Canaria"]
[Date "2010.12.06"]
[Round "7"]
[White "Garcia Blanco, Omar"]
[Black "Tatai, Stefano"]
[Result "1/2-1/2"]
[WhiteElo "2183"]
[BlackElo "2351"]
[PlyCount "26"]
[EventDate "2010.12.02"]
[EventRounds "9"]
[EventCountry "ESP"]

1. e4 e5 2. Nf3 Nc6 3. Bc4 Nf6 4. d3 Bc5 5. c3 d6 6. Bb3 Bb6 7. Nbd2 O-O 8. O-O
Ne7 9. Nc4 Ng6 10. Nxb6 axb6 11. Re1 h6 12. h3 Re8 13. Nh2 Be6 1/2-1/2

[Event "XXXI Torneo Internacional de A"]
[Site "Las Palmas de Gran Canaria"]
[Date "2010.12.06"]
[Round "7"]
[White "Garcia Padron, Jose"]
[Black "Vega Gutierrez, Belinda"]
[Result "0-1"]
[WhiteElo "2433"]
[BlackElo "2227"]
[PlyCount "98"]
[EventDate "2010.12.02"]
[EventRounds "9"]
[EventCountry "ESP"]

1. d4 d5 2. c4 dxc4 3. Nf3 Bg4 4. e3 Nf6 5. Bxc4 e6 6. Nc3 Nbd7 7. h3 Bh5 8.
O-O a6 9. a3 Bd6 10. e4 e5 11. Be2 O-O 12. dxe5 Nxe5 13. Nxe5 Bxe2 14. Nxf7
Bh2+ 15. Kxh2 Qxd1 16. Rxd1 Bxd1 17. Ng5 Bb3 18. f4 Rae8 19. e5 Nd5 20. Nxd5
Bxd5 21. h4 h6 22. Nh3 Re6 23. Bd2 Rc6 24. Bc3 Be6 25. g3 Rd8 26. Nf2 Rc4 27.
Re1 b6 28. Kg1 a5 29. Re2 a4 30. Re3 h5 31. Ne4 Bf5 32. Ng5 Rd3 33. Rxd3 Bxd3
34. Kf2 Bf5 35. Ke3 Kf8 36. Nf3 g6 37. Nd4 Kf7 38. Kd2 Rc5 39. Ke3 Rd5 40. Kf2
Ke7 41. Ke3 c5 42. Nb5 Rd3+ 43. Kf2 Bd7 44. Nd6 Bc6 45. Ke2 Rxg3 46. Nc8+ Ke6
47. Nxb6 Rg4 48. Ke3 Rxh4 49. Bd2 Rg4 0-1

[Event "XXXI Torneo Internacional de A"]
[Site "Las Palmas de Gran Canaria"]
[Date "2010.12.06"]
[Round "7"]
[White "Brito Garcia, Alfredo"]
[Black "Menvielle Laccourreye, Augusto"]
[Result "1/2-1/2"]
[WhiteElo "2337"]
[BlackElo "2262"]
[PlyCount "27"]
[EventDate "2010.12.02"]
[EventRounds "9"]
[EventCountry "ESP"]

1. d4 f5 2. e4 fxe4 3. Nc3 Nf6 4. Bg5 c6 5. Qe2 d5 6. f3 Bf5 7. Bxf6 exf6 8.
fxe4 dxe4 9. O-O-O Bd6 10. Nxe4 O-O 11. Nxd6 Qxd6 12. Nf3 Nd7 13. Qd2 Rfe8 14.
Bc4+ 1/2-1/2

[Event "XXXI Torneo Internacional de A"]
[Site "Las Palmas de Gran Canaria"]
[Date "2010.12.06"]
[Round "7"]
[White "Navarro Molina, David"]
[Black "Hernando Rodrigo, Jose Maria"]
[Result "0-1"]
[WhiteElo "2051"]
[BlackElo "2315"]
[PlyCount "78"]
[EventDate "2010.12.02"]
[EventRounds "9"]
[EventCountry "ESP"]

1. d4 g6 2. c4 Bg7 3. Nc3 c5 4. d5 f5 5. e4 Bxc3+ 6. bxc3 fxe4 7. f3 Qa5 8. Qc2
Nf6 9. fxe4 d6 10. Bd3 Nbd7 11. Nf3 Ne5 12. O-O Nxf3+ 13. Rxf3 Bg4 14. Rf2 Bd7
15. e5 Ng4 16. e6 Ba4 17. Qb2 Nxf2 18. Kxf2 b5 19. Bh6 Qb6 20. Kg3 O-O-O 21.
Qe2 bxc4 22. Be4 Kc7 23. Qf2 Qa5 24. Bg7 Rhe8 25. h4 Rb8 26. Qf7 Rb2 27. Kh2
Qb5 28. h5 gxh5 29. Bxh7 Rxg2+ 30. Kxg2 Qb2+ 31. Kh3 Qxa1 32. Bg6 Qh1+ 33. Kg3
h4+ 34. Kf2 h3 35. Bf6 Qg2+ 36. Ke3 Qg3+ 37. Ke2 Qg2+ 38. Ke3 Qg1+ 39. Ke2 Qd1+
0-1

[Event "XXXI Torneo Internacional de A"]
[Site "Las Palmas de Gran Canaria"]
[Date "2010.12.06"]
[Round "7"]
[White "Ortega Hermida, Daniel"]
[Black "Gonzalez Intelangelo, Gerardo"]
[Result "1-0"]
[WhiteElo "2387"]
[BlackElo "2072"]
[PlyCount "83"]
[EventDate "2010.12.02"]
[EventRounds "9"]
[EventCountry "ESP"]

1. d4 Nf6 2. c4 e6 3. Nf3 Bb4+ 4. Bd2 a5 5. Nc3 b6 6. Bg5 Bb7 7. e3 O-O 8. Be2
d6 9. O-O Bxc3 10. bxc3 Nbd7 11. Nd2 Re8 12. Qc2 c5 13. Rae1 Qc7 14. Qb1 Ba6
15. e4 e5 16. d5 h6 17. Be3 g5 18. g3 Nh7 19. f4 f6 20. Bg4 Ndf8 21. Qd1 Bc8
22. Bxc8 Raxc8 23. f5 Qg7 24. h3 Nd7 25. Qa4 Qf7 26. Rb1 Nhf8 27. Kg2 Rc7 28.
Rb2 Rb8 29. Nb1 Qe7 30. Na3 Kg7 31. Rfb1 Kh7 32. Qd1 Rcb7 33. Qh5 Kg7 34. Nb5
Rd8 35. h4 Nb8 36. Rh1 Rdd7 37. hxg5 hxg5 38. Kf3 Kg8 39. Qh8+ Kf7 40. Kg4 Rd8
41. Rh6 Nbd7 42. Rbh2 1-0

[Event "XXXI Torneo Internacional de A"]
[Site "Las Palmas de Gran Canaria"]
[Date "2010.12.06"]
[Round "7"]
[White "Gonzalez Garcia, Guillermo W"]
[Black "Rodriguez Perez, David"]
[Result "1-0"]
[WhiteElo "2218"]
[BlackElo "2058"]
[PlyCount "91"]
[EventDate "2010.12.02"]
[EventRounds "9"]
[EventCountry "ESP"]

1. e4 c5 2. Bc4 Nc6 3. Nf3 e6 4. Qe2 d6 5. c3 Nf6 6. d3 Be7 7. Nbd2 O-O 8. Nf1
Na5 9. Bb5 a6 10. Ba4 b5 11. Bc2 Bb7 12. Ng3 Ne8 13. O-O Nc6 14. h3 Nc7 15. d4
cxd4 16. Nxd4 Bf6 17. Rd1 g6 18. Nxc6 Bxc6 19. Bh6 Bg7 20. Bxg7 Kxg7 21. c4 Qe7
22. Qe3 Rfd8 23. Qb6 Be8 24. cxb5 axb5 25. Bb3 Ra6 26. Qe3 e5 27. f4 f6 28. f5
Bf7 29. Rac1 Ne8 30. a3 Qa7 31. Qxa7 Rxa7 32. Bxf7 Kxf7 33. Rc6 b4 34. axb4 Rb7
35. Ra1 Rdb8 36. Rc4 Rxb4 37. Rxb4 Rxb4 38. Ra7+ Kf8 39. Rxh7 gxf5 40. Nxf5
Rxb2 41. Rd7 Rc2 42. Rd8 Kf7 43. h4 Rc7 44. h5 Ng7 45. h6 Nxf5 46. exf5 1-0

[Event "XXXI Torneo Internacional de A"]
[Site "Las Palmas de Gran Canaria"]
[Date "2010.12.06"]
[Round "7"]
[White "Gutierrez Olivares, Daniel"]
[Black "Diaz Suarez, Cayetano"]
[Result "1-0"]
[WhiteElo "2182"]
[BlackElo "1844"]
[PlyCount "43"]
[EventDate "2010.12.02"]
[EventRounds "9"]
[EventCountry "ESP"]

1. e4 c5 2. Nf3 e6 3. d4 cxd4 4. Nxd4 a6 5. Bd3 Nc6 6. c3 d5 7. Nxc6 bxc6 8. e5
Qc7 9. Qe2 Ne7 10. Nd2 Ng6 11. Nf3 a5 12. h4 Bc5 13. Rh3 Nf8 14. Rg3 f6 15.
exf6 gxf6 16. Bh6 Qf7 17. Rg7 Qh5 18. Be3 Bxe3 19. Qxe3 d4 20. Qxd4 Nd7 21. Qd6
Qc5 22. Rxd7 1-0

[Event "XXXI Torneo Internacional de A"]
[Site "Las Palmas de Gran Canaria"]
[Date "2010.12.06"]
[Round "7"]
[White "Cruz Pino, Adrian"]
[Black "Camino Carrio, Nicanor"]
[Result "0-1"]
[WhiteElo "1892"]
[BlackElo "2138"]
[PlyCount "52"]
[EventDate "2010.12.02"]
[EventRounds "9"]
[EventCountry "ESP"]

1. d4 Nf6 2. c4 g6 3. Nc3 Bg7 4. e4 d6 5. f3 O-O 6. Bd3 Nc6 7. Nge2 e5 8. d5
Nd4 9. Be3 Nh5 10. Qd2 c5 11. O-O-O b5 12. Nxb5 Nxb5 13. cxb5 a6 14. bxa6 Bxa6
15. Bxa6 Rxa6 16. g4 Nf4 17. a3 Qb6 18. Qc2 Rb8 19. Bxf4 exf4 20. Rd2 Qa5 21.
Nc3 Bxc3 22. Qxc3 Qxc3+ 23. bxc3 Rxa3 24. Kc2 Rbb3 25. c4 Rxf3 26. e5 Ra2+ 0-1

[Event "XXXI Torneo Internacional de A"]
[Site "Las Palmas de Gran Canaria"]
[Date "2010.12.06"]
[Round "7"]
[White "Perez Celis, Alba"]
[Black "Rodriguez Melian, Jose Luis"]
[Result "0-1"]
[WhiteElo "1826"]
[BlackElo "2103"]
[PlyCount "50"]
[EventDate "2010.12.02"]
[EventRounds "9"]
[EventCountry "ESP"]

1. e4 e5 2. Bc4 c6 3. Nf3 Qc7 4. d3 Be7 5. c3 b5 6. Bb3 Nf6 7. O-O O-O 8. Re1
d6 9. Nbd2 Nbd7 10. Nf1 Bb7 11. Ng3 Nc5 12. Bc2 g6 13. Bh6 Rfe8 14. Ng5 Bc8 15.
Qf3 Ne6 16. h4 Nf4 17. Bb3 d5 18. exd5 cxd5 19. Nh3 Bg4 20. Qe3 Bc5 21. d4
Nxh3+ 22. gxh3 exd4 23. Qg5 dxc3 24. Kh2 Bxf2 25. Rg1 Bxg3+ 0-1

[Event "XXXI Torneo Internacional de A"]
[Site "Las Palmas de Gran Canaria"]
[Date "2010.12.06"]
[Round "7"]
[White "Morales Quintero, Jose Miguel"]
[Black "Martinez Molina, Jose Juan"]
[Result "1-0"]
[WhiteElo "2097"]
[BlackElo "1798"]
[PlyCount "53"]
[EventDate "2010.12.02"]
[EventRounds "9"]
[EventCountry "ESP"]

1. c4 Nf6 2. Nc3 g6 3. g3 c6 4. Bg2 d5 5. d4 e6 6. Nf3 Bg7 7. O-O O-O 8. b3
Nbd7 9. Bb2 Re8 10. e3 b6 11. Re1 Ba6 12. Nd2 Rc8 13. e4 e5 14. exd5 exd4 15.
Nce4 Nxe4 16. Nxe4 cxd5 17. Nd6 Rxe1+ 18. Qxe1 Rb8 19. Nxf7 Kxf7 20. Bxd5+ Kf8
21. Ba3+ Nc5 22. b4 Qd6 23. bxc5 bxc5 24. Qa5 Rc8 25. Re1 Qb6 26. Qd2 Re8 27.
Qf4+ 1-0

[Event "XXXI Torneo Internacional de A"]
[Site "Las Palmas de Gran Canaria"]
[Date "2010.12.06"]
[Round "7"]
[White "Viera Falcon, Cristo"]
[Black "Vega Gutierrez, Sabrina"]
[Result "0-1"]
[WhiteElo "1790"]
[BlackElo "2342"]
[PlyCount "40"]
[EventDate "2010.12.02"]
[EventRounds "9"]
[EventCountry "ESP"]

1. d4 d5 2. g3 Nf6 3. Bg2 c6 4. Nd2 Bf5 5. Ngf3 Nbd7 6. Nh4 Bg4 7. h3 Bh5 8.
Bf3 Bxf3 9. exf3 e6 10. Nf1 c5 11. c3 cxd4 12. Qxd4 Bc5 13. Qd2 Qb6 14. b4 Be7
15. a3 Ne5 16. Ne3 g5 17. f4 Ne4 18. Qc2 gxf4 19. gxf4 Bxh4 20. fxe5 Nxf2 0-1

[Event "XXXI Torneo Internacional de A"]
[Site "Las Palmas de Gran Canaria"]
[Date "2010.12.06"]
[Round "7"]
[White "Alvarado Diaz, Alejandro"]
[Black "Guerrero Ruiz, Jose Luis"]
[Result "1-0"]
[WhiteElo "2109"]
[BlackElo "1772"]
[PlyCount "89"]
[EventDate "2010.12.02"]
[EventRounds "9"]
[EventCountry "ESP"]

1. g3 d5 2. Bg2 e5 3. d3 Nf6 4. Nf3 Nc6 5. O-O Bg4 6. c3 Qd7 7. b4 Bd6 8. a3
O-O 9. Bb2 Bh3 10. c4 Bxg2 11. Kxg2 d4 12. Nbd2 Rfe8 13. Nb3 b6 14. Rc1 Bf8 15.
Ne1 Qg4 16. e4 Qxd1 17. Rxd1 Nxb4 18. axb4 Bxb4 19. Nc2 Bd6 20. f4 c5 21. Ra1
exf4 22. gxf4 Nh5 23. Bc1 f6 24. Ra6 Re7 25. Na3 Rae8 26. Nb5 Bb8 27. Bd2 g6
28. Kf3 Rf7 29. Rfa1 Rfe7 30. Nc1 Ng7 31. Ne2 h5 32. Be1 Ne6 33. Bg3 h4 34.
Bxh4 Nxf4 35. Nxf4 Bxf4 36. Kxf4 g5+ 37. Kf3 gxh4 38. Rxa7 f5 39. Rxe7 fxe4+
40. Kxe4 Rxe7+ 41. Kd5 Re3 42. Kc6 Rh3 43. Kxb6 Rxh2 44. Kxc5 Rg2 45. Rh1 1-0

[Event "XXXI Torneo Internacional de A"]
[Site "Las Palmas de Gran Canaria"]
[Date "2010.12.06"]
[Round "7"]
[White "Peinado Santana, Victor"]
[Black "Galvan Sarmiento, Jose Luis"]
[Result "0-1"]
[WhiteElo "1722"]
[BlackElo "2006"]
[PlyCount "96"]
[EventDate "2010.12.02"]
[EventRounds "9"]
[EventCountry "ESP"]

1. d4 Nf6 2. c4 e6 3. Nc3 Bb4 4. Qc2 O-O 5. a3 Bxc3+ 6. Qxc3 d5 7. Bg5 Nbd7 8.
e3 b6 9. cxd5 exd5 10. Nf3 c5 11. Be2 Qc7 12. Bf4 Qc6 13. Ne5 Nxe5 14. Bxe5 Ne4
15. Qd3 c4 16. Qd1 Qg6 17. Bf3 b5 18. O-O Bf5 19. Bh5 Qe6 20. Be2 a5 21. f3 Nf6
22. g4 Bg6 23. Qe1 Nd7 24. f4 Be4 25. f5 Qb6 26. Qg3 f6 27. Bf4 b4 28. Bf3 Qb7
29. Bxe4 dxe4 30. Qe1 Rfc8 31. Rc1 Rc6 32. Rf2 Rac8 33. Rfc2 Qb5 34. Qd1 Nb6
35. Qf1 bxa3 36. bxa3 Qa4 37. Ra2 Qb3 38. Qe2 Nd5 39. Qc2 Nxf4 40. exf4 Qf3 41.
Rf1 Qxg4+ 42. Qg2 Qxf5 43. Re1 Re6 44. Rae2 Rce8 45. Qg3 Qd5 46. Qc3 f5 47. Rb1
Rg6+ 48. Kf1 e3 0-1

[Event "XXXI Torneo Internacional de A"]
[Site "Las Palmas de Gran Canaria"]
[Date "2010.12.06"]
[Round "7"]
[White "Rojas Mirabal, Pedro"]
[Black "Schlittermann, Wolfgang"]
[Result "1-0"]
[WhiteElo "2000"]
[BlackElo "1747"]
[PlyCount "57"]
[EventDate "2010.12.02"]
[EventRounds "9"]
[EventCountry "ESP"]

1. e4 c5 2. Nf3 e6 3. d3 Nc6 4. g3 g6 5. Bg2 Bg7 6. O-O Nge7 7. Re1 O-O 8. Nbd2
d6 9. c3 a6 10. h4 h5 11. Nf1 Qb6 12. Ne3 Qc7 13. g4 hxg4 14. Nxg4 e5 15. Ne3
f5 16. exf5 gxf5 17. Ng5 f4 18. Qh5 Rf6 19. Nd5 Nxd5 20. Bxd5+ Kf8 21. Nh7+ Ke7
22. Nxf6 Bxf6 23. Qf7+ Kd8 24. Qf8+ Kd7 25. Qxf6 Qd8 26. Bxc6+ bxc6 27. Qxd8+
Kxd8 28. d4 cxd4 29. cxd4 1-0

[Event "XXXI Torneo Internacional de A"]
[Site "Las Palmas de Gran Canaria"]
[Date "2010.12.06"]
[Round "7"]
[White "Rodriguez Mellado, Antonio"]
[Black "Henriquez Garcia, David"]
[Result "0-1"]
[WhiteElo "1711"]
[BlackElo "1990"]
[PlyCount "88"]
[EventDate "2010.12.02"]
[EventRounds "9"]
[EventCountry "ESP"]

1. d4 Nf6 2. c4 c6 3. Nc3 d5 4. Nf3 g6 5. Bg5 Bg7 6. e3 O-O 7. h3 dxc4 8. Bxc4
b5 9. Bb3 a5 10. a4 b4 11. Ne2 Ba6 12. O-O Ne4 13. Re1 Nxg5 14. Nxg5 e6 15. Nf4
Qxg5 16. Rc1 Qe7 17. Nd3 Bxd3 18. Qxd3 Rd8 19. Qe4 Bf8 20. Red1 Ra7 21. Qf4 Qd6
22. Qf3 Qd7 23. e4 Bd6 24. d5 cxd5 25. exd5 e5 26. Rc4 Rc7 27. Rh4 Rdc8 28. Qg4
f5 29. Qg5 Qe7 30. Qxe7 Rxe7 31. Bc4 Rc5 32. b3 Rec7 33. f3 Nd7 34. Bb5 Rc1 35.
Rxc1 Rxc1+ 36. Kf2 Nc5 37. Rc4 Rxc4 38. Bxc4 Nb7 39. g4 Bc5+ 40. Kg3 Nd6 41.
Bd3 Kg7 42. g5 h6 43. h4 hxg5 44. hxg5 Be3 0-1

[Event "XXXI Torneo Internacional de A"]
[Site "Las Palmas de Gran Canaria"]
[Date "2010.12.07"]
[Round "8"]
[White "Tatai, Stefano"]
[Black "Kurajica, Bojan"]
[Result "0-1"]
[WhiteElo "2351"]
[BlackElo "2529"]
[PlyCount "62"]
[EventDate "2010.12.02"]
[EventRounds "9"]
[EventCountry "ESP"]

1. d4 Nf6 2. c4 e6 3. Nf3 Bb4+ 4. Bd2 Qe7 5. g3 d5 6. Bg2 O-O 7. Qc2 dxc4 8.
Qxc4 Bd6 9. O-O Nbd7 10. Nc3 e5 11. Bg5 Nb6 12. Qb3 exd4 13. Nxd4 h6 14. Bxf6
Qxf6 15. Rfd1 Be5 16. Ne4 Qe7 17. a4 Rd8 18. Nf3 Rxd1+ 19. Rxd1 Bd7 20. Ra1
Bxa4 21. Rxa4 Nxa4 22. Nxe5 Qxe5 23. Qxa4 Qxb2 24. Bf3 a5 25. Kg2 Qb4 26. Qc2
c6 27. g4 a4 28. g5 Qb3 29. Qd2 a3 30. Qf4 hxg5 31. Nxg5 a2 0-1

[Event "XXXI Torneo Internacional de A"]
[Site "Las Palmas de Gran Canaria"]
[Date "2010.12.07"]
[Round "8"]
[White "Novoselski, Zoran"]
[Black "Hernando Rodrigo, Jose Maria"]
[Result "1-0"]
[WhiteElo "2370"]
[BlackElo "2315"]
[PlyCount "57"]
[EventDate "2010.12.02"]
[EventRounds "9"]
[EventCountry "ESP"]

1. d4 g6 2. e4 Bg7 3. Nf3 d6 4. Bc4 a6 5. Qe2 e6 6. O-O Ne7 7. Rd1 Nd7 8. Nbd2
O-O 9. Nf1 d5 10. Bb3 dxe4 11. Qxe4 Nc5 12. Qe2 Nxb3 13. axb3 b6 14. Bg5 Re8
15. Ne3 Bb7 16. c4 Qd6 17. Ng4 Nf5 18. Nf6+ Bxf6 19. Bxf6 e5 20. Bxe5 Nxd4 21.
Rxd4 Bxf3 22. Bxd6 Rxe2 23. Bxc7 Bb7 24. Bxb6 Rae8 25. Rd8 Rxd8 26. Bxd8 Rxb2
27. Bf6 Rd2 28. Re1 Kf8 29. Bg5 1-0

[Event "XXXI Torneo Internacional de A"]
[Site "Las Palmas de Gran Canaria"]
[Date "2010.12.07"]
[Round "8"]
[White "Vega Gutierrez, Belinda"]
[Black "Garcia Blanco, Omar"]
[Result "1/2-1/2"]
[WhiteElo "2227"]
[BlackElo "2183"]
[PlyCount "195"]
[EventDate "2010.12.02"]
[EventRounds "9"]
[EventCountry "ESP"]

1. e4 e5 2. Nf3 Nc6 3. Bb5 a6 4. Ba4 Nf6 5. O-O Be7 6. Re1 b5 7. Bb3 O-O 8. h3
d6 9. c3 Na5 10. Bc2 c5 11. d4 cxd4 12. cxd4 Nc6 13. a3 Bb7 14. d5 Nb8 15. Nbd2
Re8 16. Nf1 g6 17. Be3 Nbd7 18. Ng3 Rc8 19. Nd2 Bf8 20. Nb3 a5 21. Bd2 Ra8 22.
Qe2 a4 23. Nc1 Ba6 24. Nd3 b4 25. Bxb4 h5 26. Qd1 h4 27. Nf1 Bxd3 28. Bxd3 Nh5
29. Qg4 Ndf6 30. Qf3 Qd7 31. Ne3 Nf4 32. Bf1 Be7 33. Rac1 Kh7 34. Rc6 Rg8 35.
Rec1 Ra7 36. Kh2 N4h5 37. g4 hxg3+ 38. fxg3 g5 39. Qf5+ Qxf5 40. exf5 g4 41.
hxg4 Nxg4+ 42. Nxg4 Rxg4 43. Be2 Rg5 44. Bxh5 Rxh5+ 45. Kg2 Rxf5 46. Bxd6 Bg5
47. Rh1+ Kg7 48. Bb4 e4 49. d6 e3 50. Rf1 Rxf1 51. Kxf1 Rd7 52. Rc7 Rd8 53. Ke2
Kf6 54. Ra7 Rc8 55. d7 Rb8 56. Ra6+ Kf5 57. Rd6 Ke5 58. Rd3 Ke6 59. Ba5 Rxb2+
60. Kf3 f5 61. Rxe3+ Kxd7 62. Rd3+ Kc6 63. Bb4 Rb3 64. Rxb3 axb3 65. Bc3 Bc1
66. a4 Kc5 67. a5 Bd2 68. a6 Kb6 69. Bb2 Kxa6 70. g4 fxg4+ 71. Kxg4 Kb5 72. Kf3
Kc4 73. Ke2 Bc3 74. Ba3 Bg7 75. Kd1 Bh6 76. Bb2 Kd3 77. Bg7 Bd2 78. Bb2 Bg5 79.
Be5 Kc4 80. Ke2 Kb4 81. Bb2 Bf4 82. Kd3 Bd6 83. Ke2 Kc4 84. Kd1 Bf4 85. Ke2 Kb4
86. Kd3 Bg5 87. Ke2 Kc4 88. Kd1 Be3 89. Ba3 Kc3 90. Bc1 Kd3 91. Bb2 Bf4 92. Bf6
Bg5 93. Bg7 Be3 94. Bb2 Bd2 95. Bf6 Bg5 96. Bg7 Be7 97. Kc1 Ba3+ 98. Kb1
1/2-1/2